Noms de pays en... allemand ! - Statistiques

Statistiques générales
  • Ce quiz a été pris 94 fois
  • Le résultat moyen est 17 sur 20
Statistiques - réponses
Pays en allemand Nom français % Correct
Albanien Albanie
100%
Bulgarien Bulgarie
100%
Frankreich France
100%
Italien Italie
100%
Spanien Espagne
98%
Papua-Neuguinea Papouasie-Nouvelle-Guinée
97%
Deutschland Allemagne
96%
Ägypten Egypte
95%
Schweden Suède
95%
Schweiz Suisse
95%
Kolumbien Colombie
94%
Algerien Algérie
92%
Kasachstan Kazakhstan
92%
Litauen Lituanie
92%
Kambodscha Cambodge
91%
Polen Pologne
91%
Tschad Tchad
91%
Jemen Yémen
91%
Ecuador Equateur
90%
Moldau Moldavie
90%
Usbekistan Ouzbékistan
90%
Fidschi Fidji
89%
Vatikanstadt Vatican
89%
Lettland Lettonie
88%
Malediven Maldives
88%
Österreich Autriche
87%
Nordmazedonien Macédoine du Nord
86%
Aserbaidschan Azerbaïdjan
85%
Salomonen Iles Salomon
79%
Zentralafrikanische Republik Centrafrique
77%
Äquatorialguinea Guinée Equatoriale
74%
Neuseeland Nouvelle-Zélande
74%
Estland Estonie
73%
Sambia Zambie
72%
Tschechien Tchéquie
68%
Marshallinseln Iles Marshall
66%
Vereinigte Staaten Etats-Unis
59%
Griechenland Grèce
54%
Vereinigtes Königreich Royaume-Uni
33%
Elfenbeinküste Côte d'Ivoire
9%
Aucun quiz correspondant
Distribution des résultats
% des personnes avec chaque résultat
Percentile par nombre de réponses
Votre historique - résultats
Vous n’avez pas pris ce quiz